|
|
|
|
| LEADER |
00737nam a22002412a 4500 |
| 001 |
000345008 |
| 003 |
CZ BrMZK |
| 005 |
19980103143423.0 |
| 008 |
980103s1989 xr f cze d |
| 040 |
|
|
|a BOA001
|b cze
|
| 041 |
1 |
|
|a cze
|a eng
|
| 080 |
|
|
|a 801.323.2=850=20
|2 MRF
|
| 100 |
1 |
|
|a Kolafová, Věra
|7 jk01061203
|
| 245 |
1 |
0 |
|a Česko-anglický slovník na cesty /
|c V. Kolafová, D. Slabá
|
| 250 |
|
|
|a 2. upr. vyd.
|
| 260 |
|
|
|a Praha :
|b SPN,
|c 1989
|
| 300 |
|
|
|a 312 s.
|
| 490 |
1 |
|
|a Turistické slovníky
|
| 700 |
1 |
|
|a Slabá, Dora
|7 jk01111682
|
| 830 |
|
0 |
|a Turistické slovníky
|0 s
|
| 910 |
|
|
|a BOA001
|b TK-0240.278
|
| 990 |
|
|
|a BK
|
| 996 |
7 |
|
|b 2629969890
|c TK-0240.278
|l MZK
|r Sklad / do 24 hodin
|n 3
|w 000345008
|u 000010
|a 1
|e BOA001
|j MZK50
|s A
|